000 01023nam a2200313Ia 4500
003 OSt
005 20221007124747.0
006 a|||||r|||| 00| 0
007 ta
008 221006b |||||||| |||| 00| 0 eng d
020 _a9788126511136 (pbk)
024 _a194308
037 _b4161, 09/10/2015, Educational Book Agency (India)
_cTextual
040 _aCDL
_cCDL
_beng
041 _2eng
_aeng
082 _aE:3, N4;P4;10-;12 Carc
100 _aChristian Gary D
245 0 _aAnalytical chemistry
250 _a6
260 _aNew
_bDelhi Wiley
_c2004
300 _axix, 828p. ill.
_ccm.
500 _aAppendix A-F 796-817p.; Index 818-828p.; Reprint 2015.
650 _a Clinical chemistry
_9718279
650 _a Liquid chromatography
_9720343
650 _a Spectrochemical methods
_9720344
650 _aAcid base equilibria
942 _hE:3, N4;P4;10-;12 Carc
_cTEXL
_2CC
999 _c1214054
_d1214054